000 00512nam a2200181Ia 4500
001 3066
005 20260306144853.0
008 260306t1994||||xx |||||||||||||| ||spa||
041 _aESP
082 _a248.8
_bC76
100 _aCongregación para los Institutos de Vida Consagrada y las Sociedades de Vida Apostólica
_eAUT
245 0 _aLa vida fraterna en comunidad:
_bcongregavit nos in unum christi amor
260 _c1994
300 _a
_c
650 _aGEN
654 _aCHU
942 _cLIB
_dJUS
_fJUS
_2ddc
_n
999 _c3066
_d3066